Proceso político en Chile : (Record no. 57640)

MARC details
000 -LEADER
campo de control de longitud fija 01375cam a2200349 a 4500
001 - NÚMERO DE CONTROL
campo de control 52038
005 - FECHA Y HORA DE LA ÚLTIMA TRANSACCIÓN
campo de control 20230410121101.0
008 - DATOS DE LONGITUD FIJA--INFORMACIÓN GENERAL
campo de control de longitud fija 980202s1997 cl a b 000 0 spa
010 ## - NÚMERO DE CONTROL DE LA BIBLIOTECA DEL CONGRESO
Número de control de LC 98109946
035 ## - NÚMERO DE CONTROL DEL SISTEMA
Número de control de sistema (OCoLC)ocm39796241
040 ## - FUENTE DE CATALOGACIÓN
Centro catalogador/agencia de origen DLC
Centro/agencia transcriptor DLC
020 ## - NÚMERO INTERNACIONAL ESTÁNDAR DEL LIBRO
Número Internacional Estándar del Libro 9561315106
020 ## - NÚMERO INTERNACIONAL ESTÁNDAR DEL LIBRO
Número Internacional Estándar del Libro 9789561315105
035 ## - NÚMERO DE CONTROL DEL SISTEMA
Número de control de sistema (OCoLC)39796241
041 1# - CÓDIGO DE IDIOMA
Código de lengua del texto/banda sonora o título independiente spa
Código de lengua original ger
043 ## - CÓDIGO DE ÁREA GEOGRÁFICA
Código de área geográfica s-cl---
050 14 - SIGNATURA TOPOGRÁFICA DE LA BIBLIOTECA DEL CONGRESO
Número de clasificación JL2631
Número de ítem .C11 1997
100 1# - ENTRADA PRINCIPAL--NOMBRE DE PERSONA
Nombre de persona Cañas Kirby, Enrique.
240 10 - TÍTULO UNIFORME
Título uniforme Autoritèares Regime, Transition durch Verhandlung und demokratische èOffnung.
Lenguaje de la obra Spanish
245 10 - MENCIÓN DEL TÍTULO
Título Proceso político en Chile :
Resto del título 1973-1990 /
Mención de responsabilidad, etc. Enrique Cañas Kirby.
260 ## - PUBLICACIÓN, DISTRIBUCIÓN, ETC.
Lugar de publicación, distribución, etc. Santiago de Chile :
Nombre del editor, distribuidor, etc. Editorial Andres Bello,
Fecha de publicación, distribución, etc. [1997]
300 ## - DESCRIPCIÓN FÍSICA
Extensión 351 p. :
Otras características físicas ill. ;
Dimensiones 23 cm.
500 ## - NOTA GENERAL
Nota general Revised translation of the author's thesis (doctoral--Universidad Alemana de Friburgo, 1993) originally published under the title: Autoritèares Regime, Transition durch Verhandlung und demokratische èOffnung : Chile, 1983-1991.
504 ## - NOTA DE BIBLIOGRAFÍA, ETC.
Nota de bibliografía, etc. Includes bibliographical references (p. 331-348).
651 #0 - PUNTO DE ACCESO ADICIONAL DE MATERIA--NOMBRE GEOGRÁFICO
Nombre geográfico Chile
Subdivisión general Politics and government
Subdivisión cronológica 1973-
650 #0 - PUNTO DE ACCESO ADICIONAL DE MATERIA--TÉRMINO DE MATERIA
Término de materia o nombre geográfico como elemento de entrada Democracy
Subdivisión geográfica Chile
Subdivisión general History
Subdivisión cronológica 20th century.
650 #0 - PUNTO DE ACCESO ADICIONAL DE MATERIA--TÉRMINO DE MATERIA
Término de materia o nombre geográfico como elemento de entrada Authoritarianism
Subdivisión geográfica Chile
Subdivisión general History
Subdivisión cronológica 20th century.
650 #0 - PUNTO DE ACCESO ADICIONAL DE MATERIA--TÉRMINO DE MATERIA
Término de materia o nombre geográfico como elemento de entrada Democratization
Subdivisión geográfica Chile
Subdivisión general History
Subdivisión cronológica 20th century.
942 ## - ELEMENTOS DE ENTRADA SECUNDARIOS (KOHA)
Fuente del sistema de clasificación o colocación Clasificación de Library of Congress
Tipo de ítem Koha
946 ## - PROCESAMIENTO DE INFORMACIÓN LOCAL (OCLC)
a clperez
994 ## -
-- C0
-- DRFGD
Holdings
Estatus retirado Estado de pérdida Fuente del sistema de clasificación o colocación Estado de daño No para préstamo Colección Biblioteca de origen Biblioteca actual Ubicación en estantería Fecha de adquisición Serial enumeration / chronology Signatura topográfica completa Código de barras Visto por última vez Copia número Tipo de ítem Koha
    Clasificación de Library of Congress     Ciencias Sociales Biblioteca Juan Bosch Biblioteca Juan Bosch Ciencias Sociales (3er. Piso) 10/04/2023 3 JL2631 .C11 1997 00000052880 24/10/2018 1